000 00600nam a2200229Ia 4500
001 48623
005 20240114003917.0
007 ta
008 090519s1901 g b000 u Eng u
040 _aCotton College,Assam
041 _aEng
082 _a331.82
_bW 384 C
100 _aWebb, Sidney .
245 0 _aThe Case For The factory Acts /
_cSidney Webb.
_hTextual Documents
250 _a1st ed. /
260 _aLondon :
_bGrant Richards ,
_c1901.
300 _axvi,233p. ;
_c16 cm..
653 _aT/G-Economics
942 _2ddc
_cBK
999 _c48588
_d48588